[Event "Moscow Open F"]
[Site "?"]
[Date "2017.02.02"]
[Round "7.8"]
[White "Bryakin, Mikhail"]
[Black "Barash, Mikhail"]
[Result "1/2-1/2"]
[BlackElo "2117"]
[WhiteElo "2333"]
[LiveChessVersion "1.4.8"]

1. a3 {[%clk 1:26:42]} d5 {[%clk 1:28:13]} 2. b4 {[%clk 1:26:51]} e5
{[%clk 1:26:31]} 3. Bb2 {[%clk 1:26:30]} Bd6 {[%clk 1:26:23]} 4. Nf3
{[%clk 1:26:38]} Nd7 {[%clk 1:25:27]} 5. e3 {[%clk 1:26:59]} Ngf6
{[%clk 1:25:17]} 6. c4 {[%clk 1:26:53]} c6 {[%clk 1:24:32]} 7. d4
{[%clk 1:27:11]} e4 {[%clk 1:22:51]} 8. Ne5 {[%clk 1:26:54]} Qe7 {[%clk 1:20:50]}
9. Nxd7 {[%clk 1:26:47]} Bxd7 {[%clk 1:21:09]} 10. Nc3 {[%clk 1:26:58]} O-O
{[%clk 1:18:38]} 11. Qb3 {[%clk 1:26:39]} Be6 {[%clk 1:15:50]} 12. b5
{[%clk 1:26:51]} dxc4 {[%clk 1:03:09]} 13. Bxc4 {[%clk 1:27:00]} Bxc4
{[%clk 1:03:37]} 14. Qxc4 {[%clk 1:27:28]} cxb5 {[%clk 1:04:03]} 15. Nxb5
{[%clk 1:24:54]} Rfc8 {[%clk 0:55:48]} 16. Qb3 {[%clk 1:25:08]} a6
{[%clk 0:55:58]} 17. Nxd6 {[%clk 1:24:31]} Qxd6 {[%clk 0:56:26]} 18. a4
{[%clk 1:24:35]} Qd5 {[%clk 0:53:30]} 19. Qxd5 {[%clk 1:21:11]} Nxd5
{[%clk 0:52:58]} 20. Kd2 {[%clk 1:21:40]} Rc4 {[%clk 0:51:03]} 21. Rhc1
{[%clk 1:21:46]} Rac8 {[%clk 0:51:31]} 22. a5 {[%clk 1:21:51]} f5
{[%clk 0:42:45]} 23. Ba3 {[%clk 1:21:20]} Rxc1 {[%clk 0:39:52]} 24. Bxc1
{[%clk 1:20:56]} Rc4 {[%clk 0:36:29]} 25. Rb1 {[%clk 1:17:16]} Rb4
{[%clk 0:35:50]} 26. Rxb4 {[%clk 1:15:26]} Nxb4 {[%clk 0:36:18]} 27. Kc3
{[%clk 1:14:17]} Nc6 {[%clk 0:26:35]} 28. Kc4 {[%clk 1:11:50]} Nxa5+
{[%clk 0:26:49]} 29. Kd5 {[%clk 1:11:54]} Kf7 {[%clk 0:25:32]} 30. Bd2
{[%clk 1:11:37]} Nb3 {[%clk 0:20:23]} 31. Bc3 {[%clk 1:11:15]} Ke7
{[%clk 0:19:38]} 32. g4 {[%clk 1:10:34]} fxg4 {[%clk 0:14:53]} 33. Kxe4
{[%clk 1:10:43]} a5 {[%clk 0:14:42]} 34. Kd3 {[%clk 1:10:29]} b5 {[%clk 0:15:04]}
35. Kc2 {[%clk 1:09:48]} a4 {[%clk 0:13:59]} 36. Kb2 {[%clk 1:10:16]} g6
{[%clk 0:13:07]} 37. e4 {[%clk 1:07:58]} Kd7 {[%clk 0:11:58]} 38. d5
{[%clk 0:55:48]} Nc5 {[%clk 0:11:18]} 39. e5 {[%clk 0:56:11]} Nd3+
{[%clk 0:11:32]} 40. Kc2 {[%clk 0:55:57]} Nf4 {[%clk 0:11:45]} 41. d6
{[%clk 0:46:18]} Ke6 {[%clk 0:09:07]} 42. Bd2 {[%clk 0:43:33]} Nd5
{[%clk 0:08:48]} 43. Kd3 {[%clk 0:44:02]} Nb6 {[%clk 0:06:57]} 44. Bc3
{[%clk 0:39:48]} Nd7 {[%clk 0:06:02]} 45. Bd4 {[%clk 0:38:39]} Kd5
{[%clk 0:05:50]} 46. Kc2 {[%clk 0:36:33]} b4 {[%clk 0:05:13]} 47. Kb1
{[%clk 0:36:13]} Nf8 {[%clk 0:05:01]} 48. Ba1 {[%clk 0:35:54]} b3
{[%clk 0:05:21]} 49. Bb2 {[%clk 0:34:35]} a3 50. Bc3 Kc4 51. d7 Nxd7 52. e6 Kxc3
1/2-1/2

[Event "Moscow Open F"]
[Site "?"]
[Date "2017.02.02"]
[Round "7.9"]
[White "Vasilyev, Vasily"]
[Black "Mikheev, Evgeniy"]
[Result "1-0"]
[BlackElo "2115"]
[WhiteElo "2320"]
[LiveChessVersion "1.4.8"]

1. d4 {[%clk 1:28:26]} Nf6 {[%clk 1:30:55]} 2. c4 {[%clk 1:28:33]} g6
{[%clk 1:31:17]} 3. Nc3 {[%clk 1:28:39]} Bg7 {[%clk 1:31:10]} 4. e4
{[%clk 1:28:53]} d6 {[%clk 1:31:34]} 5. Nf3 {[%clk 1:29:15]} O-O {[%clk 1:31:41]}
6. Be2 {[%clk 1:29:40]} e5 {[%clk 1:30:48]} 7. d5 {[%clk 1:29:52]} a5
{[%clk 1:30:45]} 8. Bg5 {[%clk 1:28:50]} h6 {[%clk 1:31:09]} 9. Bh4
{[%clk 1:29:08]} Na6 {[%clk 1:30:58]} 10. Nd2 {[%clk 1:28:04]} Qe8
{[%clk 1:30:28]} 11. O-O {[%clk 1:26:43]} Nh7 {[%clk 1:22:56]} 12. f3
{[%clk 1:24:14]} Bd7 {[%clk 1:18:46]} 13. b3 {[%clk 1:15:25]} a4 {[%clk 1:02:30]}
14. b4 {[%clk 1:07:52]} Nxb4 {[%clk 1:01:29]} 15. Qb1 {[%clk 1:08:06]} Na6
{[%clk 1:00:19]} 16. Qxb7 {[%clk 1:08:09]} Qc8 {[%clk 0:47:18]} 17. Rab1
{[%clk 1:06:59]} h5 {[%clk 0:47:34]} 18. Bf2 {[%clk 0:51:39]} Bh6
{[%clk 0:47:55]} 19. Rfd1 {[%clk 0:51:02]} Qxb7 {[%clk 0:46:09]} 20. Rxb7
{[%clk 0:51:30]} Rfb8 {[%clk 0:46:24]} 21. Rxb8+ {[%clk 0:48:35]} Rxb8
{[%clk 0:46:48]} 22. Nb5 {[%clk 0:48:41]} f5 {[%clk 0:38:44]} 23. Nb1
{[%clk 0:39:13]} fxe4 {[%clk 0:37:46]} 24. fxe4 {[%clk 0:39:42]} Nf6
{[%clk 0:38:08]} 25. N1c3 {[%clk 0:39:56]} Nc5 {[%clk 0:23:23]} 26. Bxc5
{[%clk 0:33:27]} dxc5 {[%clk 0:23:49]} 27. Bf3 {[%clk 0:21:19]} Be3+
{[%clk 0:22:22]} 28. Kf1 {[%clk 0:19:25]} Bd4 {[%clk 0:21:37]} 29. Rb1
{[%clk 0:14:32]} Rf8 {[%clk 0:11:06]} 30. Ke2 {[%clk 0:13:34]} g5
{[%clk 0:11:08]} 31. Kd3 {[%clk 0:12:53]} g4 {[%clk 0:11:06]} 32. Bd1
{[%clk 0:09:51]} c6 {[%clk 0:08:43]} 33. dxc6 {[%clk 0:06:02]} Bxc6
{[%clk 0:09:12]} 34. Nxd4 {[%clk 0:05:42]} exd4 {[%clk 0:07:41]} 35. Bxa4
{[%clk 0:05:54]} Bxa4 {[%clk 0:06:50]} 36. Nxa4 {[%clk 0:06:16]} Nd7
{[%clk 0:07:15]} 37. Rb5 {[%clk 0:03:58]} Ne5+ {[%clk 0:07:14]} 38. Ke2
{[%clk 0:03:33]} d3+ {[%clk 0:04:03]} 39. Ke3 {[%clk 0:02:54]} Rf1
{[%clk 0:00:43]} 40. Rxc5 {[%clk 0:02:25]} Re1+ {[%clk 0:00:54]} 41. Kd2
{[%clk 0:02:27]} Re2+ {[%clk 0:01:00]} 42. Kc3 {[%clk 0:01:33]} Rxe4
{[%clk 0:00:42]} 43. Nb2 {[%clk 0:01:40]} Re2 {[%clk 0:00:34]} 44. Nxd3
{[%clk 0:01:40]} Nf7 {[%clk 0:00:38]} 45. a4 {[%clk 0:01:04]} Rxg2
{[%clk 0:00:53]} 46. Rxh5 {[%clk 0:01:30]} Kg7 {[%clk 0:00:42]} 47. a5
{[%clk 0:01:52]} Nd6 {[%clk 0:01:03]} 48. a6 {[%clk 0:01:40]} Ra2
{[%clk 0:01:28]} 49. Nb4 {[%clk 0:01:51]} Ra3+ {[%clk 0:01:39]} 50. Kd4
{[%clk 0:02:08]} Ra4 {[%clk 0:01:25]} 51. Rd5 {[%clk 0:00:52]} Ne8
{[%clk 0:00:53]} 52. Kc5 {[%clk 0:01:03]} Kf6 {[%clk 0:01:10]} 53. Rd2
{[%clk 0:00:57]} Nc7 {[%clk 0:01:32]} 54. Rf2+ {[%clk 0:00:43]} Ke6
{[%clk 0:01:31]} 55. Re2+ {[%clk 0:00:47]} Kf7 {[%clk 0:01:11]} 56. Re4
{[%clk 0:00:51]} Nxa6+ {[%clk 0:00:51]} 57. Nxa6 {[%clk 0:01:20]} Rxa6
{[%clk 0:01:12]} 58. Rxg4 {[%clk 0:01:34]} Rh6 {[%clk 0:01:27]} 59. Rg2
{[%clk 0:01:44]} Ke7 {[%clk 0:01:47]} 60. Rd2 {[%clk 0:02:06]} Ke8
{[%clk 0:01:33]} 61. Kb5 {[%clk 0:02:31]} Rh3 {[%clk 0:01:44]} 62. c5
{[%clk 0:02:45]} Rb3+ {[%clk 0:01:51]} 63. Kc6 {[%clk 0:03:10]} Rc3
{[%clk 0:02:13]} 64. Kb6 {[%clk 0:03:39]} Ke7 {[%clk 0:01:59]} 65. c6
{[%clk 0:04:08]} Rb3+ {[%clk 0:01:46]} 66. Kc7 {[%clk 0:04:33]} Re3
{[%clk 0:01:28]} 67. Kc8 {[%clk 0:04:55]} Rc3 {[%clk 0:01:03]} 68. c7
{[%clk 0:05:20]} Rh3 {[%clk 0:00:40]} 69. Rb2 {[%clk 0:05:10]} Kd6
{[%clk 0:00:32]} 70. Kb8 {[%clk 0:05:25]} 1-0

[Event "Moscow Open F"]
[Site "?"]
[Date "2017.02.02"]
[Round "7.10"]
[White "Sizintsev, Alexey"]
[Black "Fotin, Vladimir"]
[Result "0-1"]
[BlackElo "2315"]
[WhiteElo "2108"]
[LiveChessVersion "1.4.8"]

1. e4 {[%clk 1:29:18]} c5 {[%clk 1:22:58]} 2. Nf3 {[%clk 1:29:43]} d6
{[%clk 1:23:24]} 3. d4 {[%clk 1:30:10]} cxd4 {[%clk 1:23:48]} 4. Nxd4
{[%clk 1:30:38]} Nf6 {[%clk 1:24:11]} 5. Nc3 {[%clk 1:31:04]} a6 {[%clk 1:23:24]}
6. Be3 {[%clk 1:31:29]} e6 {[%clk 1:23:07]} 7. Qf3 {[%clk 1:31:40]} Be7
{[%clk 1:20:38]} 8. O-O-O {[%clk 1:31:55]} Qc7 {[%clk 1:15:45]} 9. Qg3
{[%clk 1:25:33]} O-O {[%clk 1:13:05]} 10. f4 {[%clk 1:23:25]} Nbd7
{[%clk 0:59:28]} 11. Bd3 {[%clk 1:15:13]} Re8 {[%clk 0:57:09]} 12. Qf3
{[%clk 1:06:52]} b5 {[%clk 0:55:20]} 13. a3 {[%clk 1:03:02]} Rb8 {[%clk 0:52:03]}
14. g4 {[%clk 1:01:07]} Nc5 {[%clk 0:51:22]} 15. g5 {[%clk 0:56:28]} Nxd3+
{[%clk 0:50:24]} 16. Rxd3 {[%clk 0:54:36]} Nd7 {[%clk 0:50:42]} 17. Nb3
{[%clk 0:52:36]} a5 {[%clk 0:50:00]} 18. h4 {[%clk 0:46:31]} b4 {[%clk 0:49:22]}
19. axb4 {[%clk 0:45:34]} axb4 {[%clk 0:49:46]} 20. Ne2 {[%clk 0:44:32]} Nc5
{[%clk 0:48:51]} 21. Nxc5 {[%clk 0:43:24]} dxc5 {[%clk 0:49:19]} 22. c4
{[%clk 0:39:32]} b3 {[%clk 0:46:11]} 23. Kd1 {[%clk 0:34:39]} Rd8
{[%clk 0:45:30]} 24. Bd2 {[%clk 0:29:55]} Ba6 {[%clk 0:44:23]} 25. Rxb3
{[%clk 0:26:38]} Bxc4 {[%clk 0:44:17]} 26. Rxb8 {[%clk 0:26:24]} Qxb8
{[%clk 0:44:27]} 27. Qc3 {[%clk 0:25:17]} Ba6 {[%clk 0:40:57]} 28. Rh3
{[%clk 0:21:15]} Qa8 {[%clk 0:33:45]} 29. Re3 {[%clk 0:18:02]} c4
{[%clk 0:31:30]} 30. h5 {[%clk 0:14:49]} Bb5 {[%clk 0:28:53]} 31. h6
{[%clk 0:13:01]} Bf8 {[%clk 0:28:55]} 32. Ke1 {[%clk 0:09:43]} Qa7
{[%clk 0:25:38]} 33. Ng3 {[%clk 0:06:28]} Qa1+ {[%clk 0:25:38]} 34. Ke2
{[%clk 0:02:00]} Qg1 {[%clk 0:24:26]} 35. hxg7 {[%clk 0:01:15]} Bxg7
{[%clk 0:24:33]} 36. e5 {[%clk 0:01:34]} Qg2+ {[%clk 0:21:26]} 37. Kd1
{[%clk 0:01:05]} Rd3 {[%clk 0:20:34]} 38. Rxd3 {[%clk 0:00:50]} cxd3
{[%clk 0:21:02]} 39. Qc5 {[%clk 0:00:52]} Ba4+ {[%clk 0:21:08]} 40. b3
{[%clk 0:00:45]} Bxb3+ {[%clk 0:21:31]} 41. Kc1 {[%clk 0:01:13]} Qxg3
{[%clk 0:21:31]} 42. Qb6 {[%clk 0:01:23]} Bd5 {[%clk 0:21:34]} 43. Qb8+
{[%clk 0:01:09]} Bf8 {[%clk 0:22:01]} 44. Kb2 {[%clk 0:00:52]} Qf2
{[%clk 0:22:19]} 0-1

[Event "Moscow Open F"]
[Site "?"]
[Date "2017.02.02"]
[Round "7.11"]
[White "Pahomov, Ruslan"]
[Black "Klimov, Ivan"]
[Result "1/2-1/2"]
[BlackElo "2061"]
[WhiteElo "2270"]
[LiveChessVersion "1.4.8"]

1. e4 g6 {[%clk 1:26:44]} 2. d4 {[%clk 1:31:10]} Bg7 {[%clk 1:24:54]} 3. Nc3
{[%clk 1:31:24]} d6 {[%clk 1:25:17]} 4. Nf3 {[%clk 1:31:40]} c6 {[%clk 1:24:33]}
5. h3 {[%clk 1:31:37]} e5 {[%clk 1:24:53]} 6. Be2 {[%clk 1:28:20]} Nd7
{[%clk 1:24:23]} 7. O-O {[%clk 1:28:20]} Ngf6 {[%clk 1:24:34]} 8. Bg5
{[%clk 1:28:17]} O-O {[%clk 1:24:36]} 9. dxe5 {[%clk 1:27:08]} dxe5
{[%clk 1:23:31]} 10. Qd6 {[%clk 1:27:25]} Re8 {[%clk 1:21:23]} 11. Rfd1
{[%clk 1:26:36]} Qe7 {[%clk 1:18:12]} 12. Qc7 {[%clk 1:25:47]} h6
{[%clk 1:03:21]} 13. Be3 {[%clk 1:22:45]} Nf8 {[%clk 0:55:36]} 14. Qxe7
{[%clk 1:22:47]} Rxe7 {[%clk 0:56:05]} 15. Nd2 {[%clk 1:18:08]} Be6
{[%clk 0:54:34]} 16. a4 {[%clk 1:17:57]} a5 {[%clk 0:53:13]} 17. Nc4
{[%clk 1:16:20]} Bxc4 18. Bxc4 Ne6 {[%clk 0:53:06]} 19. Bxe6 {[%clk 1:16:08]}
Rxe6 {[%clk 0:52:56]} 20. Rd3 {[%clk 1:16:03]} Bf8 {[%clk 0:52:25]} 21. Rad1
{[%clk 1:14:21]} Kg7 {[%clk 0:50:02]} 22. f3 {[%clk 1:14:33]} Ree8
{[%clk 0:48:06]} 23. Kf2 {[%clk 1:13:04]} Be7 {[%clk 0:47:55]} 24. b3
{[%clk 1:11:08]} Bd8 {[%clk 0:47:17]} 25. Nb1 {[%clk 1:10:28]} Bc7
{[%clk 0:46:49]} 26. Na3 {[%clk 1:10:24]} Rab8 {[%clk 0:41:07]} 27. Ba7
{[%clk 1:06:18]} Ra8 {[%clk 0:39:25]} 28. Bc5 {[%clk 1:06:45]} Rab8
{[%clk 0:37:38]} 29. Nb1 {[%clk 1:02:33]} Rbd8 {[%clk 0:33:33]} 30. Na3
{[%clk 0:56:20]} Rxd3 {[%clk 0:32:48]} 31. Rxd3 {[%clk 0:56:49]} Rd8
{[%clk 0:33:02]} 32. Rxd8 {[%clk 0:57:03]} Bxd8 {[%clk 0:33:30]} 33. Nc4
{[%clk 0:56:13]} Nd7 {[%clk 0:32:02]} 34. Be3 {[%clk 0:54:51]} Bc7
{[%clk 0:31:19]} 35. Bd2 {[%clk 0:54:29]} b6 {[%clk 0:31:14]} 36. Be3
{[%clk 0:54:25]} f6 {[%clk 0:31:13]} 37. Ke2 {[%clk 0:54:25]} h5 {[%clk 0:31:07]}
38. c3 {[%clk 0:54:47]} Kf7 {[%clk 0:30:15]} 39. b4 {[%clk 0:53:42]} Ke6
{[%clk 0:30:17]} 40. Kd3 {[%clk 0:53:20]} Bd8 {[%clk 0:29:19]} 41. Bf2
{[%clk 0:47:14]} Bc7 {[%clk 0:29:13]} 42. g4 {[%clk 0:47:36]} hxg4
{[%clk 0:28:58]} 43. hxg4 {[%clk 0:47:57]} Bd8 {[%clk 0:28:24]} 44. Nd2
{[%clk 0:47:05]} Kd6 {[%clk 0:25:46]} 45. Kc4 {[%clk 0:45:52]} Ke6
{[%clk 0:24:26]} 46. Nb3 {[%clk 0:43:39]} Kd6 {[%clk 0:24:28]} 47. Nc1
{[%clk 0:39:55]} Kc7 {[%clk 0:21:20]} 48. Nd3 {[%clk 0:39:44]} Kd6
{[%clk 0:21:06]} 49. Bg3 {[%clk 0:36:34]} b5+ {[%clk 0:15:17]} 50. Kb3
{[%clk 0:32:21]} bxa4+ {[%clk 0:11:07]} 51. Kxa4 {[%clk 0:32:50]} axb4
{[%clk 0:11:18]} 52. Kxb4 {[%clk 0:31:51]} Bb6 {[%clk 0:10:41]} 53. Kc4
{[%clk 0:24:28]} Be3 {[%clk 0:10:11]} 54. Nb2 {[%clk 0:24:24]} Nc5
{[%clk 0:09:08]} 55. Bh4 {[%clk 0:22:18]} Ke6 {[%clk 0:06:26]} 56. Nd3
{[%clk 0:21:23]} Nxd3 {[%clk 0:06:37]} 57. Kxd3 {[%clk 0:21:52]} Bb6
{[%clk 0:06:35]} 58. Kc4 {[%clk 0:22:05]} Be3 {[%clk 0:06:25]} 59. Kb4
{[%clk 0:22:10]} Bg1 {[%clk 0:05:47]} 60. Ka5 {[%clk 0:21:05]} Be3
{[%clk 0:05:49]} 61. Kb4 {[%clk 0:18:47]} Bg1 {[%clk 0:06:00]} 62. Kc4
{[%clk 0:18:56]} Bb6 {[%clk 0:06:19]} 63. Be1 {[%clk 0:19:20]} Be3
{[%clk 0:05:41]} 64. Kd3 {[%clk 0:19:40]} Bc5 {[%clk 0:06:01]} 65. Bd2
{[%clk 0:20:05]} Bb6 {[%clk 0:06:01]} 66. Bc1 {[%clk 0:20:24]} Kd6
{[%clk 0:04:35]} 67. Kc4 {[%clk 0:20:47]} Bf2 {[%clk 0:04:28]} 68. Ba3+
{[%clk 0:21:05]} Ke6 {[%clk 0:03:48]} 69. Bc5 {[%clk 0:21:08]} Be1
{[%clk 0:04:12]} 70. Be3 {[%clk 0:20:48]} Kd6 {[%clk 0:04:07]} 71. Kb4
{[%clk 0:19:28]} Ke6 {[%clk 0:04:22]} 72. Bc5 {[%clk 0:18:13]} Kd7
{[%clk 0:04:34]} 73. Kc4 {[%clk 0:18:28]} Ke6 {[%clk 0:04:54]} 74. Bb4
{[%clk 0:18:56]} Bf2 {[%clk 0:05:15]} 75. Kb3 {[%clk 0:18:27]} Kd7
{[%clk 0:04:18]} 76. Ka4 {[%clk 0:18:46]} Be1 {[%clk 0:04:23]} 77. Ba5
{[%clk 0:17:48]} Bf2 {[%clk 0:04:29]} 78. Kb4 {[%clk 0:16:01]} Be3
{[%clk 0:04:49]} 79. Kc4 {[%clk 0:16:12]} Bf2 {[%clk 0:05:09]} 80. Bb4
{[%clk 0:16:40]} Be3 {[%clk 0:05:25]} 81. Bf8 {[%clk 0:16:32]} Ke8
{[%clk 0:04:59]} 82. Bd6 {[%clk 0:16:49]} Kd7 {[%clk 0:05:17]} 83. Bf8
{[%clk 0:16:54]} Ke8 {[%clk 0:05:44]} 84. Bc5 {[%clk 0:17:20]} Bd2
{[%clk 0:06:05]} 85. Ba7 {[%clk 0:17:36]} Kd7 {[%clk 0:06:26]} 86. Kd3
{[%clk 0:17:30]} Bc1 {[%clk 0:06:17]} 87. Kc2 {[%clk 0:17:08]} Bh6
{[%clk 0:06:36]} 88. Kb3 {[%clk 0:17:29]} Bd2 {[%clk 0:06:56]} 89. Bb6
{[%clk 0:15:24]} Bh6 {[%clk 0:07:16]} 90. Ba5 {[%clk 0:15:15]} Be3
{[%clk 0:07:33]} 91. Ka4 {[%clk 0:15:33]} Bh6 {[%clk 0:07:18]} 92. Bb4
{[%clk 0:15:46]} Be3 {[%clk 0:07:31]} 93. Ka5 {[%clk 0:12:57]} Bf2
{[%clk 0:05:22]} 94. Ka6 {[%clk 0:12:43]} Be1 {[%clk 0:05:40]} 95. Kb6
{[%clk 0:11:51]} Bd2 {[%clk 0:06:02]} 96. Ba5 {[%clk 0:09:23]} Be3+
{[%clk 0:06:03]} 97. Kb7 {[%clk 0:09:43]} Bd2 {[%clk 0:06:22]} 98. Ka6
{[%clk 0:09:07]} Kd6 {[%clk 0:06:10]} 99. Bb4+ {[%clk 0:09:05]} Kd7
{[%clk 0:06:21]} 100. Ba5 {[%clk 0:07:12]} Kd6 {[%clk 0:06:35]} 101. Bb4+
{[%clk 0:07:31]} 1/2-1/2

[Event "Moscow Open F"]
[Site "?"]
[Date "2017.02.02"]
[Round "7.12"]
[White "Volodin, Ivan"]
[Black "Badalyan, Shavarsh"]
[Result "1/2-1/2"]
[BlackElo "2107"]
[WhiteElo "2265"]
[LiveChessVersion "1.4.8"]

1. c4 e5 2. g3 Nf6 3. Bg2 c6 4. d4 exd4 5. Qxd4 Na6 6. Nf3 Bc5 7. Qd3 d5 8. a3
Qb6 9. O-O dxc4 10. Qxc4 Be6 11. Qc2 {[%clk 0:53:31]} Bb3 12. Qf5
{[%clk 0:53:31]} Be6 13. Qc2 {[%clk 0:53:31]} Bb3 14. Qf5 {[%clk 0:53:31]} Be6
1/2-1/2

[Event "Moscow Open F"]
[Site "?"]
[Date "2017.02.02"]
[Round "7.13"]
[White "Bochkov, Artem"]
[Black "Zhileykin, Andrey"]
[Result "1/2-1/2"]
[BlackElo "2259"]
[WhiteElo "2056"]
[LiveChessVersion "1.4.8"]

1. e4 {[%clk 1:30:58]} c5 {[%clk 1:29:04]} 2. Nf3 {[%clk 1:31:25]} d6
{[%clk 1:29:32]} 3. d4 {[%clk 1:31:47]} cxd4 {[%clk 1:29:58]} 4. Nxd4
{[%clk 1:32:14]} Nf6 {[%clk 1:30:25]} 5. Nc3 {[%clk 1:32:41]} a6 {[%clk 1:30:52]}
6. Be3 {[%clk 1:33:06]} e5 {[%clk 1:31:19]} 7. Nb3 {[%clk 1:33:33]} Be6
{[%clk 1:31:47]} 8. f3 {[%clk 1:33:57]} h5 {[%clk 1:32:15]} 9. Qd2
{[%clk 1:34:22]} Nbd7 {[%clk 1:32:42]} 10. O-O-O {[%clk 1:34:45]} Be7
{[%clk 1:33:09]} 11. Kb1 {[%clk 1:33:55]} Rc8 {[%clk 1:33:35]} 12. Nd5
{[%clk 1:11:54]} Bxd5 {[%clk 1:33:57]} 13. exd5 {[%clk 1:12:22]} Nb6
{[%clk 1:34:21]} 14. Qa5 {[%clk 1:12:47]} Qc7 {[%clk 1:34:38]} 15. c3
{[%clk 1:12:45]} Bd8 {[%clk 1:34:45]} 16. Bxb6 {[%clk 1:09:18]} Qxb6
{[%clk 1:35:11]} 17. Qxb6 {[%clk 1:09:43]} Bxb6 {[%clk 1:35:38]} 18. Bd3
{[%clk 1:10:09]} g6 {[%clk 1:34:05]} 19. Nd2 {[%clk 0:48:07]} Nxd5
{[%clk 1:14:45]} 20. Nc4 {[%clk 0:46:54]} Rxc4 {[%clk 1:10:53]} 21. Bxc4
{[%clk 0:47:19]} Ne3 {[%clk 1:11:20]} 22. Bd5 {[%clk 0:47:42]} Nxd1
{[%clk 1:07:17]} 23. Rxd1 {[%clk 0:48:10]} Ke7 {[%clk 1:07:39]} 24. Bxb7
{[%clk 0:48:33]} a5 {[%clk 1:08:06]} 25. b4 {[%clk 0:45:08]} Rb8 {[%clk 1:06:18]}
26. Bd5 {[%clk 0:44:32]} f5 {[%clk 1:06:33]} 27. Kc2 {[%clk 0:43:48]} g5
{[%clk 1:06:55]} 28. Rb1 {[%clk 0:42:59]} Ba7 {[%clk 0:50:44]} 29. Rb3
{[%clk 0:41:42]} Rb5 {[%clk 0:36:34]} 30. Bc4 {[%clk 0:39:01]} Rb7
{[%clk 0:36:29]} 31. bxa5 {[%clk 0:36:46]} Rc7 {[%clk 0:36:54]} 32. Bd5
{[%clk 0:30:06]} h4 {[%clk 0:25:19]} 33. h3 {[%clk 0:28:24]} Kf6 {[%clk 0:25:45]}
34. c4 {[%clk 0:18:56]} g4 {[%clk 0:24:36]} 35. fxg4 {[%clk 0:14:46]} fxg4
{[%clk 0:25:02]} 36. hxg4 {[%clk 0:14:56]} Kg5 {[%clk 0:25:24]} 37. a6
{[%clk 0:13:16]} Kxg4 {[%clk 0:23:43]} 38. Rf3 {[%clk 0:10:25]} Bd4
{[%clk 0:23:03]} 39. Kd3 {[%clk 0:09:49]} Bb6 {[%clk 0:21:39]} 40. Rf6
{[%clk 0:08:35]} Bc5 {[%clk 0:22:04]} 41. Ke4 {[%clk 0:08:41]} Kg3
{[%clk 0:21:15]} 42. Rg6+ {[%clk 0:08:56]} Kf2 {[%clk 0:21:41]} 43. Bb7
{[%clk 0:06:43]} Re7 {[%clk 0:18:56]} 44. Rg8 {[%clk 0:05:43]} Rf7
{[%clk 0:16:00]} 45. Rg4 {[%clk 0:05:51]} Rh7 {[%clk 0:14:11]} 46. Kf5
{[%clk 0:06:15]} h3 {[%clk 0:13:40]} 47. gxh3 {[%clk 0:06:30]} Rxh3
{[%clk 0:14:06]} 48. Rg2+ {[%clk 0:06:00]} Kf1 {[%clk 0:14:19]} 49. Rd2
{[%clk 0:03:57]} Ra3 {[%clk 0:14:43]} 50. Ke6 {[%clk 0:03:43]} e4
{[%clk 0:14:39]} 51. Bxe4 {[%clk 0:03:08]} Rxa6 {[%clk 0:15:05]} 52. Kd7
{[%clk 0:03:12]} Ke1 {[%clk 0:15:30]} 53. Rb2 {[%clk 0:03:17]} Ra4
{[%clk 0:15:57]} 54. Bd5 {[%clk 0:03:12]} Kd1 {[%clk 0:16:23]} 55. Kc6
{[%clk 0:02:35]} Kc1 {[%clk 0:16:49]} 56. Rh2 {[%clk 0:02:41]} Kb1
{[%clk 0:17:14]} 57. Kb5 {[%clk 0:02:35]} Rxa2 {[%clk 0:15:22]} 58. Rxa2
{[%clk 0:02:38]} Ka1 59. Rxa1 1/2-1/2

[Event "Moscow Open F"]
[Site "?"]
[Date "2017.02.02"]
[Round "7.14"]
[White "Orshonova, Elena"]
[Black "Krikunov, Dmitry"]
[Result "1/2-1/2"]
[BlackElo "2198"]
[WhiteElo "1968"]
[LiveChessVersion "1.4.8"]

1. Nf3 {[%clk 1:30:58]} Nf6 {[%clk 1:22:21]} 2. g3 {[%clk 1:31:21]} g6
{[%clk 1:22:45]} 3. Bg2 {[%clk 1:31:49]} Bg7 {[%clk 1:23:10]} 4. O-O
{[%clk 1:32:16]} O-O {[%clk 1:23:34]} 5. d3 {[%clk 1:32:42]} d5 {[%clk 1:21:17]}
6. Nbd2 {[%clk 1:33:00]} Nbd7 {[%clk 1:20:38]} 7. e4 {[%clk 1:33:27]} e5
{[%clk 1:19:34]} 8. Re1 {[%clk 1:32:44]} d4 {[%clk 1:12:42]} 9. Nf1
{[%clk 1:30:55]} Ne8 {[%clk 1:06:14]} 10. h3 {[%clk 1:29:44]} Nd6
{[%clk 1:05:15]} 11. Bd2 {[%clk 1:26:48]} c5 {[%clk 1:02:24]} 12. b3
{[%clk 1:25:10]} a6 {[%clk 1:01:48]} 13. a4 {[%clk 1:25:25]} b6 {[%clk 1:02:06]}
14. Qc1 {[%clk 1:24:23]} Bb7 {[%clk 0:54:31]} 15. Bh6 {[%clk 1:24:20]} b5
{[%clk 0:54:36]} 16. Bxg7 {[%clk 1:24:31]} Kxg7 {[%clk 0:55:04]} 17. N1h2
{[%clk 1:22:28]} h5 {[%clk 0:48:33]} 18. axb5 {[%clk 1:13:56]} axb5
{[%clk 0:48:56]} 19. Rxa8 {[%clk 1:14:23]} Bxa8 {[%clk 0:49:13]} 20. Ng5
{[%clk 1:13:35]} Qe7 {[%clk 0:45:48]} 21. f4 {[%clk 1:10:32]} f6 {[%clk 0:45:36]}
22. Ngf3 {[%clk 1:09:40]} c4 {[%clk 0:41:29]} 23. fxe5 {[%clk 1:05:41]} fxe5
{[%clk 0:38:44]} 24. bxc4 {[%clk 1:01:00]} bxc4 {[%clk 0:38:56]} 25. Qa3
{[%clk 1:00:46]} Nf5 {[%clk 0:37:26]} 26. Qxe7+ {[%clk 0:58:42]} Nxe7
{[%clk 0:37:54]} 27. dxc4 {[%clk 0:57:11]} Rb8 {[%clk 0:35:55]} 28. Bf1
{[%clk 0:56:48]} Rb2 {[%clk 0:35:45]} 29. Bd3 {[%clk 0:57:04]} Nc6
{[%clk 0:35:54]} 30. Rf1 {[%clk 0:55:51]} Nc5 {[%clk 0:29:18]} 31. h4
{[%clk 0:54:12]} Nb4 {[%clk 0:16:10]} 32. Nxe5 {[%clk 0:52:03]} Bxe4
{[%clk 0:11:48]} 33. Rf7+ {[%clk 0:15:21]} Kg8 {[%clk 0:12:12]} 34. Bxe4
{[%clk 0:15:33]} Nxe4 {[%clk 0:12:36]} 35. Rb7 {[%clk 0:14:47]} d3
{[%clk 0:12:06]} 36. cxd3 {[%clk 0:13:59]} Nxd3 {[%clk 0:12:30]} 37. Rxb2
{[%clk 0:13:50]} Nxb2 {[%clk 0:12:59]} 38. Kg2 {[%clk 0:08:43]} Kg7
{[%clk 0:13:21]} 39. Kf3 {[%clk 0:04:49]} Nd2+ {[%clk 0:13:28]} 40. Kf4
{[%clk 0:05:12]} Nbxc4 {[%clk 0:13:20]} 1/2-1/2